Moon Bear / by Frank Asch.
Available copies
- 1 of 1 copy available at LARL/NWRL Consortium.
Current holds
0 current holds with 1 total copy.
Show Only Available Copies
| Location | Call Number / Copy Notes | Barcode | Shelving Location | Status | Due Date |
|---|---|---|---|---|---|
| Red Lake Falls Public Library | e ASC (Text) | 35500006305658 | Main | Available | - |
Record details
- ISBN: 9781481480635
- ISBN: 1481480634
- Physical Description: 1 volume (unpaged) : color illustrations ; 26 cm
- Publisher: New York : Aladdin, 2020.
- Copyright: ℗♭1978
Content descriptions
| Summary, etc.: | Worried that the moon is growing smaller each ... Read More |
Search for related items by subject
| Subject: | Bears > Juvenile fiction. Moon > Juvenile fiction. |
| Genre: | Picture books for children. |
| LDR | 01073cam a2200337Ii 4500 | ||
|---|---|---|---|
| 001 | 351937 | ||
| 003 | LARL_NWRL_CONSORTIUM | ||
| 005 | 20200925162927.0 | ||
| 008 | 200617t20201978nyua a 000 1 eng d | ||
| 019 | . | ‡a1124320017 ‡a1158574907 | |
| 020 | . | ‡a9781481480635 | |
| 020 | . | ‡a1481480634 | |
| 035 | . | ‡a(OCoLC)1158574874 ‡z(OCoLC)1124320017 ‡z(OCoLC)1158574907 | |
| 040 | . | ‡aAJP ‡beng ‡cAJP ‡dYDX ‡dBDX ‡dFMG ‡dGZD | |
| 043 | . | ‡azmo---- | |
| 082 | 4. | ‡a[E] | |
| 100 | 1 | . | ‡aAsch, Frank. ‡0(LARL_NWRL_CONSORTIUM)54497 |
| 245 | 1 | 0. | ‡aMoon Bear / ‡cby Frank Asch. |
| 260 | . | ‡aNew York : ‡bAladdin, ‡c2020. | |
| 264 | 4. | ‡c℗♭1978 | |
| 300 | . | ‡a1 volume (unpaged) : ‡bcolor illustrations ; ‡c26 cm | |
| 336 | . | ‡atext ‡btxt ‡2rdacontent | |
| 337 | . | ‡aunmediated ‡bn ‡2rdamedia | |
| 338 | . | ‡avolume ‡bnc ‡2rdacarrier | |
| 520 | . | ‡aWorried that the moon is growing smaller each night, Bear decides to do something about it. | |
| 650 | 0. | ‡aBears ‡vJuvenile fiction. ‡0(LARL_NWRL_CONSORTIUM)163670 | |
| 651 | 0. | ‡aMoon ‡vJuvenile fiction. | |
| 655 | 0. | ‡aPicture books for children. | |
| 901 | . | ‡a351937 ‡b ‡c351937 ‡tbiblio | |

Add to basket
Permalink
Disable Highlighting